| 000 | 01638nam a2200433Ii 4500 | ||
|---|---|---|---|
| 001 | DIGMPONS0219 | ||
| 003 | NyNyDIG | ||
| 008 | 230321s2021 sp ob 000 0 spa d | ||
| 006 | m o d | ||
| 007 | cr ||||||||||| | ||
| 035 | _a(OCoLC)1347696191 | ||
| 040 |
_aDGITA _beng _erda _epn _cDGITA |
||
| 020 |
_a9788413812229 _qeBook |
||
| 020 | _z9788413811406 | ||
| 043 | _ae-sp--- | ||
| 050 | 1 | 4 | _aKKT4058 ebook |
| 245 | 0 | 3 |
_aLa eutanasia a debate : _bprimeras reflexiones sobre la Ley Orgánica de Regulación de la Eutanasia / _cCarmen Tomás-Valiente Lanuza (ed.). |
| 264 | 1 |
_aMadrid : _bMarcial Pons, _c2021. |
|
| 300 | _a1 online resource. | ||
| 336 |
_atext _btxt _2rdacontent |
||
| 337 |
_acomputer _bc _2rdamedia |
||
| 338 |
_aonline resource _bcr _2rdacarrier |
||
| 347 |
_atext file _2rdaft |
||
| 347 | _bEPUB | ||
| 490 | 1 | _aColección Lege Ferenda | |
| 504 | _aIncludes bibliographical references. | ||
| 588 | 0 | _aOnline resource; title from ePub title page (Digitalia, viewed March 21, 2023) | |
| 650 | 0 |
_aRight to die _xLaw and legislation _zSpain. |
|
| 650 | 0 |
_aEuthanasia _xLaw and legislation _zSpain. |
|
| 650 | 0 |
_aEuthanasia _xMoral and ethical aspects. |
|
| 700 | 1 |
_aTomás-Valiente Lanuza, Carmen, _eeditor. |
|
| 791 | 2 |
_aDigitalia (Firm), _edistributor. |
|
| 793 | 0 |
_gDigitalia eBook Collection: _aMarcial Pons |
|
| 776 | 0 | 8 |
_iPrint version: _tEutanasia a debate. _dMadrid : Marcial Pons, 2021 _z9788413811406 |
| 830 | 0 | _aColección Lege Ferenda. | |
| 856 | 4 | 0 |
_3Digitalia Hispánica _uhttps://www.digitaliapublishing.com/a/119043/ |
| 910 | _aPremium collection: 2023 | ||
| 942 | _cRAA | ||
| 999 |
_c275864 _d275864 |
||